000 00741nam a22002777a 4500
001 BR6006994
003 BR-BrBNA
005 20230928095637.0
007 ta
008 230509b bl.||||| |||| 00| 0 por d
040 _aBR-BrBNA
_bpor
_cBiblioteca Nacional de Agricultura
041 _a(Por)
072 _aL73
_b5212
090 _ 5212 BR6006994
100 1 _aGiovine, N.
100 1 _aMachado, A.
245 1 _aDoenca de Aujeszky (Peste de cocar). Observacoes realizadas no Estado de Minas Gerais
260 3 _aVicosa, MG (Brasil):
_c1939.
300 _a32 p.
650 _aBovino
650 _aDoenca de Aujeszky
650 _aDiagnostico
650 _aMinas Gerais
909 _a202309
_bLucia
_c55
_dLucia Elande
942 _cBK
999 _c57825
_d57825